| 000 | 00976nam a22002415i 4500 | ||
|---|---|---|---|
| 001 | 163187 | ||
| 003 | ES-MaACL | ||
| 005 | 20230906212706.0 | ||
| 008 | 040910s1873 sp a |||| | spa d | ||
| 040 |
_aCAM _bspa _cCAM |
||
| 100 | 1 |
_aReid, Mayne ( _d1818-1883) _995977 |
|
| 245 | 1 | 3 |
_aEl capitán Scarthe _b: segunda parte de El guante blanco / _cobra escrita en inglés por el capitán Mayne-Reid ; traducida por Juan Sala. |
| 250 | _aEd. il. con grabados. | ||
| 260 |
_aMadrid : _bImprenta y librería de Gaspar y Roig, editores, _c1873. |
||
| 300 |
_a61 p. : _bil. ; _c28 cm. |
||
| 490 | 1 | _aBiblioteca de Gaspar y Roig | |
| 490 | 1 | _aAventuras de mar y tierra | |
| 700 | 0 |
_aSalas, Juan. _9101735 |
|
| 830 | 0 |
_aBiblioteca de Gaspar y Roig _9222246 |
|
| 830 | 0 |
_aAventuras de mar y tierra _9188405 |
|
| 852 |
_aES-MaACL _jC-1199(6) _z-- Enc. hol. _z-- Legado de M. de la Fuente _q-- Falto de la cub. original _z-- Enc. en un vol. facticio |
||
| 999 |
_c163187 _d163187 |
||